[Event "World Blitz Women 2023"]
[Site "Samarkand UZB"]
[Date "2023.12.30"]
[Round "14.9"]
[White "Lei, Tingjie"]
[Black "Shuvalova, Polina"]
[Result "0-1"]
[WhiteElo "2530"]
[BlackElo "2342"]
[EventDate "2023.12.29"]

1. e4 e5 2. Nf3 Nc6 3. Bc4 Nf6 4. d3 Be7 5. Nc3 d6 6. a4 O-O 7. O-O h6 8.
h3 Be6 9. Nd5 Re8 10. Re1 Bf8 11. c3 a6 12. a5 Rb8 13. b4 Bxd5 14. exd5 Ne7
15. Qb3 Qd7 16. Bd2 g6 17. Re2 Bg7 18. Rae1 Kh7 19. Qa2 Rf8 20. Bb3 Rbe8
21. c4 c6 22. dxc6 Nxc6 23. Bc3 Nh5 24. b5 Nd8 25. d4 Nf4 26. Re3 exd4 27.
Nxd4 Rxe3 28. Rxe3 Re8 29. Qd2 Rxe3 30. Qxe3 Nde6 31. Nxe6 Nxe6 32. Bd2 Nc5
33. Bc2 axb5 34. cxb5 Qxb5 35. Kh2 Qb2 36. Bd1 Qe5+ 37. Qxe5 Bxe5+ 38. f4
Bd4 39. Bf3 f5 40. Bb4 Ne4 41. g4 d5 42. gxf5 gxf5 43. Kg2 Be3 44. Bd1 Bxf4
45. Bb3 d4 46. Kf3 Bd6 47. Bxd6 Nxd6 48. Bd5 Kg6 49. Ke2 Kf6 50. Kd3 Ke5
51. Bxb7 Nxb7 52. a6 Nc5+ 0-1

[Event "World Blitz Women 2023"]
[Site "Samarkand UZB"]
[Date "2023.12.30"]
[Round "14.10"]
[White "Ushenina, Anna"]
[Black "Ju, Wenjun"]
[Result "0-1"]
[WhiteElo "2334"]
[BlackElo "2522"]
[EventDate "2023.12.29"]

1. d4 Nf6 2. Nf3 e6 3. Bg5 d5 4. e3 Be7 5. Nbd2 c5 6. c3 Nbd7 7. Bd3 O-O 8.
O-O Qc7 9. c4 cxd4 10. exd4 dxc4 11. Nxc4 Nb6 12. Nce5 Bd7 13. Rc1 Qd8 14.
Bb1 Bb5 15. Re1 Rc8 16. Qd2 Qd5 17. Ng4 Nbd7 18. Ne3 Qd6 19. Rcd1 Qb4 20.
a3 Qxd2 21. Rxd2 h6 22. Bh4 Rfe8 23. Ba2 a5 24. Rdd1 Nb6 25. Ne5 Rcd8 26.
h3 Nfd5 27. Bg3 Bg5 28. Nd3 Bc6 29. Nc5 Bf6 30. Ng4 Nd7 31. Nxf6+ N5xf6 32.
Bc7 Ra8 33. Be5 Nxe5 34. dxe5 Nd5 35. g3 Kf8 36. Rd2 Ke7 37. Rc1 Red8 38.
Rcd1 Nb6 39. f4 Rxd2 40. Rxd2 Rd8 41. Rxd8 Kxd8 42. Kf2 Kc7 43. Ke3 Bd5 44.
Bxd5 Nxd5+ 45. Kd4 b6 46. Ne4 Kc6 47. Nd6 f5 48. Ne8 g6 49. Nd6 Nc7 50. Nf7
Nb5+ 51. Kc4 Nc7 52. Nxh6 Nd5 53. Kd4 a4 54. Nf7 Kd7 55. Nh8 Ne7 56. g4 Ke8
57. Kc4 Kf8 58. Kb5 Kg7 59. Kxb6 Nd5+ 60. Ka5 Nxf4 61. gxf5 gxf5 62. Kxa4
Nd3 63. b4 f4 64. b5 f3 65. b6 f2 66. Ka5 f1=Q 67. b7 Qb1 68. Ng6 Kxg6 69.
a4 Nc5 70. b8=Q Qxb8 71. h4 Qa7+ 72. Kb5 Nxa4 0-1

[Event "World Blitz Women 2023"]
[Site "Samarkand UZB"]
[Date "2023.12.30"]
[Round "14.11"]
[White "Mammadzada, Gunay"]
[Black "Charochkina, Daria"]
[Result "0-1"]
[WhiteElo "2408"]
[BlackElo "2254"]
[EventDate "2023.12.29"]

1. Nf3 d5 2. d4 Nf6 3. c4 c6 4. Qb3 dxc4 5. Qxc4 Bf5 6. g3 e6 7. Bg2 Nbd7
8. O-O Be7 9. e3 O-O 10. Qe2 Qc7 11. Nc3 e5 12. h3 Ne4 13. Rd1 Nxc3 14.
bxc3 Be4 15. c4 Rfe8 16. Bb2 exd4 17. exd4 Bd6 18. Qd2 Rad8 19. Qc3 Bf8 20.
Re1 Nf6 21. Ne5 Bxg2 22. Kxg2 Nd7 23. Ng4 Qd6 24. a4 Qg6 25. Qb3 h5 26. Ne3
h4 27. Nf1 hxg3 28. Nxg3 Bd6 29. Re3 Nf6 30. Rae1 Rxe3 31. Rxe3 Nh5 32. Bc3
Nf4+ 33. Kf1 Qh6 0-1

[Event "World Blitz Women 2023"]
[Site "Samarkand UZB"]
[Date "2023.12.30"]
[Round "14.12"]
[White "Mkrtchyan, Mariam"]
[Black "Khotenashvili, Bella"]
[Result "1/2-1/2"]
[WhiteElo "2150"]
[BlackElo "2358"]
[EventDate "2023.12.29"]

1. Nf3 g6 2. d4 Bg7 3. g3 c5 4. c3 Nf6 5. Bg2 O-O 6. O-O Qc7 7. b3 b6 8.
Bb2 Bb7 9. c4 cxd4 10. Bxd4 d5 11. cxd5 Nxd5 12. Bxg7 Kxg7 13. Na3 Na6 14.
Rc1 Qd7 15. Qd4+ Nf6 16. Rfd1 Rfd8 17. Qxd7 Rxd7 18. Rxd7 Nxd7 19. Nb5 Ndc5
20. Rd1 Nb4 21. a3 Nc6 22. b4 Ne6 23. Rd7 Bc8 24. Rd2 Bb7 25. e3 a5 26.
Nfd4 Ncxd4 27. Nxd4 Bxg2 28. Nxe6+ fxe6 29. Kxg2 axb4 30. axb4 Ra4 1/2-1/2

[Event "World Blitz Women 2023"]
[Site "Samarkand UZB"]
[Date "2023.12.30"]
[Round "14.13"]
[White "Danielian, Elina"]
[Black "Priyanka, Nutakki"]
[Result "0-1"]
[WhiteElo "2352"]
[BlackElo "2224"]
[EventDate "2023.12.29"]

1. d4 d5 2. Nf3 Nf6 3. e3 e6 4. c4 Be7 5. Nc3 O-O 6. Bd3 dxc4 7. Bxc4 a6 8.
O-O b5 9. Bd3 Bb7 10. Qe2 c5 11. dxc5 Bxc5 12. Rd1 Qc7 13. h3 Nbd7 14. a3
Rfd8 15. Bd2 Ne5 16. Nxe5 Qxe5 17. Be1 Rac8 18. Rac1 h6 19. Bb1 Qg5 20. e4
Bd4 21. Kh1 e5 22. Bd2 Qh4 23. f3 Nh5 24. Be1 Qg5 25. Kh2 Be3 26. Rxd8+
Rxd8 27. Rd1 Bf4+ 28. Kg1 Rd4 29. Ba2 Be3+ 30. Kh2 Bf4+ 31. Kg1 Bg3 32.
Bxg3 Nxg3 33. Qc2 Qe3+ 34. Kh2 Qf4 35. Kg1 h5 36. Bd5 Bc8 37. Rxd4 exd4 38.
Nd1 h4 39. Kf2 Bd7 40. Ke1 Nh5 41. Qd2 Qg3+ 42. Qf2 Qg5 43. Qd2 Nf4 44. Kf1
a5 45. b4 axb4 46. axb4 Qf6 47. Nb2 Nxd5 48. exd5 Qe5 49. Nd3 Qxd5 50. Qf4
Qc4 51. Qe4 Be6 52. Kf2 Qc2+ 53. Kg1 Qc4 54. Qa8+ Qc8 55. Qe4 Qd8 56. Qe5
Bc4 57. Qe4 Bxd3 58. Qxd3 Qd5 59. Kf2 Kf8 60. Qh7 Qg5 61. Qd3 Qg3+ 0-1

[Event "World Blitz Women 2023"]
[Site "Samarkand UZB"]
[Date "2023.12.30"]
[Round "14.14"]
[White "Munguntuul, Batkhuyag"]
[Black "Bodnaruk, Anastasia"]
[Result "1/2-1/2"]
[WhiteElo "2348"]
[BlackElo "2260"]
[EventDate "2023.12.29"]

1. e4 c5 2. Nf3 d6 3. d4 cxd4 4. Nxd4 Nf6 5. Nc3 a6 6. Be3 e5 7. Nf3 Qc7 8.
a4 Be7 9. a5 Nbd7 10. Be2 Nc5 11. Nd2 Be6 12. O-O O-O 13. f3 d5 14. exd5
Nxd5 15. Nxd5 Bxd5 16. Nc4 Rad8 17. Qe1 Ne6 18. b3 Bc5 19. Bxc5 Qxc5+ 20.
Kh1 Nd4 21. Bd3 Bxc4 22. bxc4 f5 23. Rb1 Rf7 24. Rf2 Nc6 25. Re2 Rd6 26.
Ra1 Rdf6 27. Qg1 Qxg1+ 28. Kxg1 Rd7 29. Ree1 g6 30. Rab1 Re6 31. g4 e4 32.
fxe4 fxg4 33. Rb6 Kg7 34. Kg2 h5 35. c5 Re5 36. Bxa6 Nxa5 37. Bd3 Nc6 38.
Reb1 Ree7 39. Bb5 Rd2+ 40. Kg3 Ne5 41. Bf1 g5 42. h4 gxh4+ 43. Kxh4 Nf3+
44. Kxh5 Rxe4 45. Rxb7+ Kf6 46. R1b6+ Re6 47. Rxe6+ Kxe6 48. Kxg4 Ne5+ 49.
Kg3 Rxc2 50. Rb5 Rc3+ 51. Kf2 Kf5 52. Bg2 Nd3+ 53. Ke3 Rxc5 54. Be4+ Ke5
1/2-1/2

[Event "World Blitz Women 2023"]
[Site "Samarkand UZB"]
[Date "2023.12.30"]
[Round "14.15"]
[White "Divya, Deshmukh"]
[Black "Omonova, Umida"]
[Result "1-0"]
[WhiteElo "2315"]
[BlackElo "2304"]
[EventDate "2023.12.29"]

1. e4 c5 2. Nf3 e6 3. d4 cxd4 4. Nxd4 Nc6 5. Nc3 Qc7 6. Be3 Nf6 7. Qf3 a6
8. O-O-O Bb4 9. Nxc6 bxc6 10. Nb1 d5 11. Bd3 Rb8 12. e5 Nd7 13. Qg3 Bf8 14.
f4 g6 15. h4 c5 16. c4 dxc4 17. Bxc4 Nb6 18. Na3 Na4 19. Rd2 Qa5 20. Bb3
Nb6 21. Rhd1 Be7 22. Rd8+ Bxd8 23. Bd2 Qxa3 24. bxa3 c4 25. Bc2 Be7 26. Bb4
Nd5 27. Ba4+ Bd7 28. Bxd7+ Kxd7 29. Bxe7 Kxe7 30. Qg5+ Kd7 31. Qf6 Rhf8 32.
Rxd5+ Kc6 33. Rd6+ Kb5 34. Rd7 Rfc8 35. Qxf7 Ka4 36. Qxe6 1-0

[Event "World Blitz Women 2023"]
[Site "Samarkand UZB"]
[Date "2023.12.30"]
[Round "14.16"]
[White "Shukhman, Anna"]
[Black "Kiolbasa, Oliwia"]
[Result "1-0"]
[WhiteElo "2093"]
[BlackElo "2313"]
[EventDate "2023.12.29"]

1. e4 e5 2. Nf3 Nc6 3. d4 exd4 4. Nxd4 Bc5 5. Be3 Qf6 6. c3 b6 7. Bb5 Nge7
8. O-O O-O 9. Nxc6 dxc6 10. Bxc5 cxb5 11. Be3 Bb7 12. Nd2 Rad8 13. Qg4 Kh8
14. Bg5 Qg6 15. Nf3 f6 16. Qe6 Qxe4 17. Qxe4 Bxe4 18. Bf4 Nd5 19. Bg3 Bxf3
20. gxf3 c5 21. a4 b4 22. c4 Ne7 23. a5 Nf5 24. Bc7 Rd4 25. axb6 axb6 26.
Rfc1 Nh4 27. Bxb6 Nxf3+ 28. Kg2 Nh4+ 29. Kf1 Rc8 30. Bxc5 Rd2 31. b3 h5 32.
Bxb4 Rb2 33. Rcb1 Rc2 34. Rc1 Rb2 35. Rab1 Ra2 36. Bd6 Re8 37. Re1 Rd8 38.
c5 Nf3 39. Re2 Nd2+ 40. Kg2 Nxb1 41. Rxa2 Nc3 42. Rc2 Ne4 43. Bc7 Rc8 44.
Bb6 h4 45. b4 g5 46. Kf3 f5 47. c6 Nf6 48. b5 g4+ 49. Ke2 Nd5 50. Bd4+ Kh7
51. b6 Nb4 52. b7 Re8+ 53. Kd2 Nxc2 54. Kxc2 f4 55. c7 g3 56. fxg3 fxg3 57.
hxg3 h3 58. c8=Q Re2+ 59. Kd3 h2 60. Qf5+ Kh6 61. Qh3+ Kg5 62. Kxe2 1-0

[Event "World Blitz Women 2023"]
[Site "Samarkand UZB"]
[Date "2023.12.30"]
[Round "14.17"]
[White "Nurgaliyeva, Zarina"]
[Black "Narva, Mai"]
[Result "1/2-1/2"]
[WhiteElo "2001"]
[BlackElo "2292"]
[EventDate "2023.12.29"]

1. e4 c5 2. Nf3 Nc6 3. Bb5 e6 4. O-O Nge7 5. d4 cxd4 6. Nxd4 a6 7. Nxc6
Nxc6 8. Be2 Be7 9. c4 O-O 10. Nc3 b6 11. Bf4 Bb7 12. Bd6 Rc8 13. Qd2 Ba8
14. Rad1 Bxd6 15. Qxd6 Qf6 16. f4 Na5 17. Qxb6 Nxc4 18. Bxc4 Rxc4 19. Qxa6
Rb4 20. Rd2 h5 21. Qd6 Rfb8 22. f5 Qg5 23. Qxd7 R4b7 24. Qd3 Rxb2 25. Rfd1
exf5 26. Rxb2 Rxb2 27. Qd8+ Qxd8 28. Rxd8+ Kh7 29. Rxa8 Rc2 30. Ra3 fxe4
31. Nxe4 f5 32. Ng3 g6 33. h4 Rc4 34. Ra7+ Kg8 35. Ra6 Kf7 36. a4 Rxh4 37.
a5 Ra4 38. Ne2 f4 39. Nc3 Ra3 40. Nb5 Ra1+ 41. Kf2 g5 42. Ra7+ Ke6 43. a6
g4 44. Nc7+ Kd6 45. Rb7 Kc6 46. Ra7 h4 47. Ne6 Ra2+ 48. Kf1 Ra4 49. Ng5
Ra1+ 50. Kf2 Ra2+ 51. Kf1 Ra1+ 52. Ke2 Ra2+ 53. Kd3 Rxg2 54. Rf7 f3 55. a7
Ra2 56. Ke3 Kb6 57. Kf4 Rxa7 58. Rf6+ Kb5 59. Kxg4 Ra4+ 60. Kh3 Ra3 61.
Rxf3 Rxf3+ 62. Nxf3 Kc4 63. Kxh4 1/2-1/2

[Event "World Blitz Women 2023"]
[Site "Samarkand UZB"]
[Date "2023.12.30"]
[Round "14.18"]
[White "Badelka, Olga"]
[Black "Toncheva, Nadya"]
[Result "0-1"]
[WhiteElo "2262"]
[BlackElo "2162"]
[EventDate "2023.12.29"]

1. Nf3 c5 2. g3 g6 3. Bg2 Bg7 4. c3 Nf6 5. d4 cxd4 6. cxd4 d5 7. Nc3 O-O 8.
Ne5 Nc6 9. Nxc6 bxc6 10. O-O Rb8 11. Qa4 Qb6 12. Rd1 Bf5 13. b3 Nd7 14. Be3
Rfc8 15. Rac1 Qb7 16. h3 h5 17. Qa3 Nf8 18. Na4 Ne6 19. Nc5 Nxc5 20. Qxc5
Qd7 21. Kh2 Rb5 22. Qa3 e5 23. dxe5 Bxe5 24. Bd4 Re8 25. Bxe5 Rxe5 26. e3
Be4 27. Bf1 Rb8 28. Qa6 Rb6 29. Qe2 Qf5 30. Bg2 Bxg2 31. Kxg2 h4 32. g4
Qe4+ 33. Qf3 Qxf3+ 34. Kxf3 Kf8 35. Rd4 Ke7 36. Ra4 a6 37. Rc5 Kd6 38. Rca5
Rb5 39. Rxa6 Rc5 40. Rb4 Re6 41. Rf4 f6 42. Ra8 Rc2 43. a4 Rb2 44. Rd8+ Ke7
45. Rb8 Ra2 46. Rfb4 Kd6 47. Rg8 g5 48. Rd8+ Ke5 49. Rc8 Ra1 50. Rb7 Rh1
51. Kg2 Rb1 52. a5 Ra1 53. b4 Ke4 54. Rf8 Kd3 55. Rbf7 Ra2 56. Rxf6 Rxe3
57. Rf3 Rxf3 58. Rxf3+ Kc4 59. Rf5 Kxb4 60. Rxg5 d4 61. Kf3 d3 62. Ke3 Kc4
63. a6 Re2+ 64. Kf3 Re7 65. Ra5 d2 66. Ra1 Kd3 67. g5 Kc2 68. g6 d1=Q+ 69.
Rxd1 Kxd1 70. Kg4 Ra7 71. f4 c5 72. f5 c4 73. f6 c3 74. f7 c2 75. f8=Q c1=Q
76. Qd6+ Ke1 77. Qe5+ Kf1 78. Qf4+ Qxf4+ 79. Kxf4 Rxa6 80. Kg5 Kg2 81. g7
Ra8 82. Kxh4 Rg8 83. Kh5 Rxg7 84. h4 Kg3 85. Kh6 Ra7 86. h5 Kg4 87. Kg6
Ra6+ 0-1

[Event "World Blitz Women 2023"]
[Site "Samarkand UZB"]
[Date "2023.12.30"]
[Round "14.19"]
[White "Pourkashiyan, Atousa"]
[Black "Borisova, Ekaterina"]
[Result "0-1"]
[WhiteElo "2221"]
[BlackElo "2130"]
[EventDate "2023.12.29"]

1. e4 e5 2. Nf3 Nc6 3. Bb5 a6 4. Ba4 f5 5. d3 fxe4 6. dxe4 Nf6 7. Nc3 d6 8.
h3 Be7 9. O-O O-O 10. Be3 Qe8 11. Nd5 Nxd5 12. exd5 b5 13. dxc6 bxa4 14.
Qd3 Qxc6 15. Ng5 Bf5 16. Qc3 Qxc3 17. bxc3 h6 18. Nf3 Bxc2 19. Nd2 Rab8 20.
Rfc1 Bd3 21. c4 Rb2 22. Rc3 Bg6 23. Ra3 d5 24. c5 d4 25. Nc4 dxe3 26. Nxb2
exf2+ 27. Kf1 Bxc5 28. Rxa4 Be8 29. Re4 Bb5+ 30. Nc4 Bd4 31. Rc1 a5 32. a4
Ba6 33. Rc2 Rb8 34. Rxd4 exd4 35. Kxf2 Bxc4 36. Rxc4 Rb4 37. Rxc7 Rxa4 38.
Rd7 Rb4 39. Ra7 a4 40. g4 Kh7 41. Ke2 Kg6 42. h4 Kf6 43. Kd3 Ke5 44. Rxg7
Rb3+ 45. Kd2 a3 46. g5 a2 47. Ra7 Rb2+ 48. Kd3 hxg5 49. hxg5 Rb3+ 50. Kd2
Rg3 51. Kd1 Ke4 52. Kc1 Rg1+ 53. Kb2 Rg2+ 54. Ka1 d3 55. Re7+ Kd4 56. g6
Rxg6 57. Kxa2 Rb6 58. Ka3 Kc3 59. Ka4 d2 60. Rc7+ Kd3 61. Rd7+ Kc2 62. Rc7+
Kd1 63. Ka3 Rb5 64. Ka2 Rb4 65. Ka3 Rb8 66. Ka2 Rb4 67. Ka3 Re4 68. Rh7 Kc2
69. Rc7+ Kd3 70. Rd7+ Rd4 0-1

[Event "World Blitz Women 2023"]
[Site "Samarkand UZB"]
[Date "2023.12.30"]
[Round "14.20"]
[White "Tsolakidou, Stavroula"]
[Black "Gaboyan, Susanna"]
[Result "1-0"]
[WhiteElo "2345"]
[BlackElo "2086"]
[EventDate "2023.12.29"]

1. d4 Nf6 2. c4 a6 3. g3 g6 4. Bg2 d5 5. cxd5 Nxd5 6. Nc3 Nxc3 7. bxc3 Bg7
8. Rb1 c5 9. e3 Nc6 10. Ne2 O-O 11. O-O Qc7 12. d5 Na5 13. e4 c4 14. Bf4
Qd7 15. Rb6 e6 16. Qb1 exd5 17. exd5 Re8 18. Nd4 Qa4 19. Bd6 Bf5 20. Nxf5
gxf5 21. Bb4 Rad8 22. Bf3 Be5 1-0

[Event "World Blitz Women 2023"]
[Site "Samarkand UZB"]
[Date "2023.12.30"]
[Round "14.21"]
[White "Khademalsharieh, Sarasadat"]
[Black "Mammadova, Gulnar"]
[Result "1-0"]
[WhiteElo "2395"]
[BlackElo "2247"]
[EventDate "2023.12.29"]

1. d4 Nf6 2. c4 e6 3. Nc3 Bb4 4. e3 O-O 5. Bd2 d5 6. Nf3 b6 7. Rc1 Bb7 8.
cxd5 exd5 9. Bd3 c5 10. a3 Bxc3 11. Bxc3 c4 12. Bb1 Ne4 13. O-O Nd7 14. Ne5
Nxc3 15. Rxc3 Nxe5 16. dxe5 Qe7 17. f4 f6 18. Qh5 g6 19. Qh4 Rae8 20. exf6
Qxf6 21. Qxf6 Rxf6 22. Rd1 b5 23. h4 h5 24. Kf2 Kg7 25. Rd4 a5 26. Rc1 Rfe6
27. Re1 Kf6 28. Bc2 Bc6 29. Bd1 R6e7 30. Bf3 Ke6 31. Red1 Rd7 32. g4 Rg8
33. Rg1 Rdd8 34. gxh5 gxh5 35. Rg5 b4 36. axb4 axb4 37. Bxh5 c3 38. bxc3
bxc3 39. Bg4+ Kf6 40. Bd1 Rh8 41. h5 Be8 42. Rdxd5 Rb8 43. Rdf5+ Ke7 44.
Rc5 Rb2+ 45. Kg3 Rd2 46. Bb3 Rd3 47. Rge5+ Kf8 48. Bc2 Rd2 49. Rxc3 Rxh5
50. Rxe8+ Kg7 51. Rc7+ Kf6 52. Rc6+ Kg7 53. Re7+ Kf8 54. Ra7 Rd8 55. Bg6
Rh1 56. Rf6+ Kg8 57. Be4 Rg1+ 58. Kf2 Rc1 59. Rg6+ Kf8 60. Rh6 Rd2+ 61. Kf3
Rf1+ 62. Kg4 Rg1+ 63. Kf5 Kg8 64. Rg6+ Kh8 65. Ra8+ Kh7 66. Rxg1 1-0

[Event "World Blitz Women 2023"]
[Site "Samarkand UZB"]
[Date "2023.12.30"]
[Round "14.22"]
[White "Salimova, Nurgyul"]
[Black "Hejazipour, Mitra"]
[Result "1-0"]
[WhiteElo "2343"]
[BlackElo "2228"]
[EventDate "2023.12.29"]

1. d4 Nf6 2. Nf3 e6 3. c4 b6 4. g3 Ba6 5. Qc2 Bb7 6. Bg2 c5 7. d5 exd5 8.
cxd5 Nxd5 9. O-O Be7 10. Rd1 Nc6 11. a3 Nf6 12. Nc3 O-O 13. e4 Ne8 14. e5
Nc7 15. Be3 Ne6 16. Rd2 Rc8 17. Rad1 Ncd4 18. Nxd4 Nxd4 19. Bxd4 Bxg2 20.
Kxg2 cxd4 21. Rxd4 Rc7 22. Qe4 Bc5 23. R4d2 a5 24. Nb5 Rc8 25. b4 axb4 26.
axb4 Be7 27. Rxd7 Qe8 28. Nc7 f5 29. Qd5+ Qf7 30. Rxe7 1-0

[Event "World Blitz Women 2023"]
[Site "Samarkand UZB"]
[Date "2023.12.30"]
[Round "14.23"]
[White "Aydin, Gulenay"]
[Black "Nomin-Erdene, Davaademberel"]
[Result "0-1"]
[WhiteElo "2009"]
[BlackElo "2299"]
[EventDate "2023.12.29"]

1. e4 c6 2. Nf3 d5 3. d3 Qc7 4. Nc3 e6 5. g3 Nf6 6. Qe2 Be7 7. Bg2 dxe4 8.
Nxe4 O-O 9. Nxf6+ Bxf6 10. O-O c5 11. Bf4 Qa5 12. c3 Nc6 13. Ne5 Nxe5 14.
Bxe5 Bxe5 15. Qxe5 Qb6 16. Rab1 f6 17. Qe3 e5 18. a3 Rd8 19. Rfd1 Bf5 20.
Be4 Bxe4 21. Qxe4 Qb3 22. Rd2 Rd7 23. Rbd1 Rad8 24. h4 b5 25. d4 cxd4 26.
cxd4 Rd5 27. Qf5 Rxd4 28. Rxd4 exd4 29. Rd3 Qc4 30. Kh2 h6 31. h5 a5 32. b3
Qd5 33. Qg6 a4 34. bxa4 bxa4 35. Kg1 Qe5 36. Kh2 Qd5 37. Kg1 Rc8 38. Rd1
Rd8 39. Rd3 Qe5 40. Kh2 Qg5 41. Qxg5 hxg5 42. Kg2 Kf7 43. Kf3 f5 44. g4 Kf6
45. Kg3 f4+ 46. Kf3 Ke5 47. Ke2 Rb8 48. Rd2 Rb3 49. Rc2 d3+ 0-1

[Event "World Blitz Women 2023"]
[Site "Samarkand UZB"]
[Date "2023.12.30"]
[Round "14.24"]
[White "Sahithi, Varshini M"]
[Black "Khamdamova, Afruza"]
[Result "1-0"]
[WhiteElo "2189"]
[BlackElo "2295"]
[EventDate "2023.12.29"]

1. e4 e5 2. Nf3 Nc6 3. Bb5 a6 4. Ba4 Nf6 5. O-O Be7 6. d3 b5 7. Bb3 d6 8.
c3 O-O 9. a4 Bd7 10. Na3 Na5 11. Bc2 c5 12. Bd2 c4 13. d4 Qc7 14. axb5 axb5
15. h3 Rfb8 16. Qe2 h6 17. Rfd1 Bc6 18. Re1 Bf8 19. Rad1 Re8 20. Bc1 exd4
21. Rxd4 d5 22. e5 Ne4 23. Nxb5 Bxb5 24. Rxd5 Nc5 25. Rd4 Nab3 26. Rg4 Nxc1
27. Rxc1 Nd3 28. Rd1 Nxe5 29. Nxe5 Rxe5 30. Qf3 Rae8 31. Rf1 Re1 32. Qf5
Rxf1+ 33. Kxf1 g6 34. Qxb5 Re5 35. Qxc4 Qe7 36. Rxg6+ Bg7 37. Qc8+ Kh7 38.
Re6+ 1-0

[Event "World Blitz Women 2023"]
[Site "Samarkand UZB"]
[Date "2023.12.30"]
[Round "14.25"]
[White "Balabayeva, Xeniya"]
[Black "Ni, Shiqun"]
[Result "0-1"]
[WhiteElo "2202"]
[BlackElo "2270"]
[EventDate "2023.12.29"]

1. e4 c5 2. Nf3 Nc6 3. Bb5 e6 4. O-O Nge7 5. Re1 a6 6. Bf1 d5 7. exd5 Nxd5
8. d4 Nf6 9. Be3 Be7 10. Nc3 cxd4 11. Nxd4 Bd7 12. Nxc6 Bxc6 13. Bd4 O-O
14. Qd3 Qd6 15. Rad1 Rad8 16. a3 Qf4 17. Qe3 Qxe3 18. Bxe3 Rxd1 19. Rxd1
Rd8 20. Rxd8+ Bxd8 21. b4 Ng4 22. Bc5 Bf6 23. Nd1 Ba4 24. Be2 Ne5 25. Ne3
Nd7 26. Nc4 Nxc5 27. bxc5 Be7 28. Nd6 Bxd6 29. cxd6 Kf8 30. Bf3 b6 31. Bb7
a5 32. f4 Bxc2 33. Kf2 Ba4 34. Ke3 Ke8 35. Kd4 Kd7 36. Be4 f5 37. Bf3 Kxd6
38. h3 Bb3 39. g4 b5 40. Be2 b4 41. axb4 axb4 42. Bd3 g6 43. gxf5 exf5 44.
h4 Ba2 45. h5 b3 46. Kc3 gxh5 47. Bxf5 h4 48. Bxh7 h3 49. Be4 Bb1 50. Bxb1
Kd5 51. Kxb3 h2 52. f5 h1=Q 53. Bc2 Kd4 54. Kb2 Qf3 0-1

[Event "World Blitz Women 2023"]
[Site "Samarkand UZB"]
[Date "2023.12.30"]
[Round "14.1"]
[White "Nurmanova, Alua"]
[Black "Gvetadze, Sofio"]
[Result "1-0"]
[WhiteElo "2249"]
[BlackElo "2170"]
[EventDate "2023.12.29"]

1. e4 c5 2. Nf3 g6 3. d4 cxd4 4. Nxd4 Nf6 5. Nc3 Nc6 6. Be3 Bg7 7. Nxc6
bxc6 8. e5 Ng8 9. Bd4 Qc7 10. f4 f6 11. Qe2 fxe5 12. Bxe5 Bxe5 13. fxe5 Nh6
14. O-O-O O-O 15. Qe4 Rf5 16. Bc4+ e6 17. g4 Rxe5 18. Qf4 Nf7 19. Ne4 Rxe4
20. Qxc7 Rxc4 21. h3 Rb4 22. Rhf1 Rb7 23. Qf4 d5 24. Qf6 a5 25. h4 Rab8 26.
h5 g5 27. h6 Kf8 28. Qg7+ Ke8 29. Qg8+ 1-0

[Event "World Blitz Women 2023"]
[Site "Samarkand UZB"]
[Date "2023.12.30"]
[Round "14.2"]
[White "Peycheva, Gergana"]
[Black "Vaishali, Rameshbabu"]
[Result "0-1"]
[WhiteElo "2216"]
[BlackElo "2410"]
[EventDate "2023.12.29"]

1. d4 Nf6 2. c4 e6 3. Nc3 d5 4. cxd5 exd5 5. Bg5 c6 6. e3 h6 7. Bh4 g6 8.
Bd3 Bg7 9. Nf3 Nbd7 10. O-O O-O 11. Qc2 Re8 12. Rfe1 Nf8 13. e4 g5 14. Bg3
dxe4 15. Nxe4 Nxe4 16. Bxe4 Be6 17. Rad1 Bd5 18. h4 Bxe4 19. Rxe4 Qd5 20.
Rde1 Rxe4 21. Qxe4 Qxe4 22. Rxe4 Rd8 23. hxg5 hxg5 24. Be5 Ne6 25. Bxg7
Kxg7 26. g3 Rd5 27. Kg2 a5 28. b3 a4 29. b4 Kf6 30. Kf1 Kf5 31. Re5+ Rxe5
32. Nxe5 Ke4 33. Nxf7 Kxd4 34. Ke2 Kc3 35. Nd6 b5 36. Ke3 Kb2 37. f4 gxf4+
38. gxf4 Kxa2 39. f5 Nf8 40. Kd3 Kb2 41. Ne4 a3 42. Nc3 Kb3 43. Kd2 Nd7 44.
Kd3 Nf6 45. Kd2 a2 46. Nxa2 Kxa2 47. Kc3 Ka3 0-1

[Event "World Blitz Women 2023"]
[Site "Samarkand UZB"]
[Date "2023.12.30"]
[Round "14.3"]
[White "Buksa, Nataliya"]
[Black "Abdulla, Khayala"]
[Result "1-0"]
[WhiteElo "2316"]
[BlackElo "2118"]
[EventDate "2023.12.29"]

1. e4 c5 2. b3 e6 3. Bb2 b6 4. Nf3 Bb7 5. Nc3 d6 6. d4 cxd4 7. Nxd4 Nf6 8.
Bd3 a6 9. Qd2 Nc6 10. Nxc6 Bxc6 11. O-O-O Qc7 12. f3 b5 13. g4 Be7 14. g5
Nd7 15. h4 Rb8 16. Ne2 e5 17. f4 Nc5 18. Ng3 a5 19. Qe3 b4 20. Nf5 g6 21.
Nxe7 Qxe7 22. fxe5 dxe5 23. Qg3 Nd7 24. Rhf1 O-O 25. h5 a4 26. hxg6 hxg6
27. Qh4 f6 28. Bc4+ Rf7 29. Rh1 1-0

[Event "World Blitz Women 2023"]
[Site "Samarkand UZB"]
[Date "2023.12.30"]
[Round "14.4"]
[White "Cori T., Deysi"]
[Black "Rakshitta, Ravi"]
[Result "1-0"]
[WhiteElo "2304"]
[BlackElo "2225"]
[EventDate "2023.12.29"]

1. d4 Nf6 2. Nf3 d5 3. c4 e6 4. Nc3 Nbd7 5. Bg5 c6 6. e3 Be7 7. Qc2 h6 8.
Bh4 O-O 9. Rd1 Re8 10. Bd3 dxc4 11. Bxc4 b5 12. Bd3 Bb7 13. O-O Rc8 14. e4
b4 15. Na4 c5 16. dxc5 Nxc5 17. Bb5 Nfd7 18. Nxc5 Rxc5 19. Qxc5 Bxc5 20.
Bxd8 Rxd8 21. Rxd7 Rxd7 22. Bxd7 Bxe4 23. Rc1 Bd6 24. Bc6 Bf5 25. Nd4 Bg6
26. f3 a5 27. Be4 f5 28. Bd3 Kf7 29. Rc6 Be5 30. Nxe6 Bxb2 31. Nd8+ Ke8 32.
Rxg6 Kxd8 33. Ra6 Bc3 34. Bxf5 Ke7 35. Kf1 Kf7 36. Ke2 Ke7 37. Kd3 Kf7 38.
Rxa5 Kf6 39. g4 Kg5 40. Be4+ Kf6 41. Rf5+ Ke6 42. h4 Bf6 43. h5 Be7 44. Kc4
1-0

[Event "World Blitz Women 2023"]
[Site "Samarkand UZB"]
[Date "2023.12.30"]
[Round "14.5"]
[White "Padmini, Rout"]
[Black "Lesbekova, Assel"]
[Result "0-1"]
[WhiteElo "2302"]
[BlackElo "1861"]
[EventDate "2023.12.29"]

1. e4 c5 2. Nf3 Nc6 3. Nc3 Nf6 4. Bb5 Nd4 5. O-O Nxb5 6. Nxb5 a6 7. Nc3 d6
8. Re1 Bg4 9. h3 Bh5 10. d3 e6 11. Bf4 Be7 12. a4 O-O 13. a5 d5 14. e5 Nd7
15. g4 Bg6 16. Bg3 b6 17. axb6 Qxb6 18. b3 f5 19. exf6 Bxf6 20. Na4 Qc6 21.
Ra2 Rae8 22. Qd2 h5 23. g5 Bd8 24. Nh4 Bf5 25. Nxf5 Rxf5 26. h4 Bc7 27. d4
Bxg3 28. fxg3 Ref8 29. c3 Rf3 30. Re3 Qd6 31. Qe1 cxd4 32. cxd4 Rxe3 33.
Qxe3 e5 34. dxe5 Nxe5 35. Rf2 Ng4 36. Rxf8+ Qxf8 37. Qd4 Qf3 38. Nc3 Qxg3+
39. Kf1 Qh3+ 40. Ke2 Qh2+ 41. Kd1 Nf2+ 42. Kc1 Qg1+ 43. Kc2 Qg2 44. Qxd5+
Qxd5 45. Nxd5 Ne4 46. Kd3 Ng3 47. Ne3 Kf7 48. Kc4 Ke6 49. Kb4 Ke5 50. Ka5
Kf4 51. Nd5+ Kg4 52. Kxa6 Kxh4 53. g6 Kg5 54. b4 h4 55. Nc3 h3 56. Nd1 Ne4
57. b5 h2 58. b6 h1=Q 59. b7 Nc5+ 0-1